Cool stars,stellar systems and the sun (Record no. 18695)
[ view plain ]
| 000 -LEADER | |
|---|---|
| fixed length control field | 00845nam a2200217Ia 4500 |
| 003 - CONTROL NUMBER IDENTIFIER | |
| control field | IN-BaIIA |
| 008 - FIXED-LENGTH DATA ELEMENTS--GENERAL INFORMATION | |
| fixed length control field | 211028s9999 xx 000 0 eng d |
| 040 ## - CATALOGING SOURCE | |
| Transcribing agency | IIA Library |
| 080 ## - UNIVERSAL DECIMAL CLASSIFICATION NUMBER | |
| Universal Decimal Classification number | 524.316(082.2) |
| Item number | DUP |
| 100 ## - MAIN ENTRY--PERSONAL NAME | |
| Personal name | Dupree, A. K |
| 9 (RLIN) | 15839 |
| 111 ## - MAIN ENTRY--MEETING NAME | |
| Meeting name or jurisdiction name as entry element | Workshop on Cool Stars,Stellar Systems and the Sun |
| Location of meeting | Cambridge |
| Date of meeting or treaty signing | 1980 Jan. 31 |
| 9 (RLIN) | 35777 |
| 245 #0 - TITLE STATEMENT | |
| Title | Cool stars,stellar systems and the sun |
| Remainder of title | proceedings of a workshop held in the Harvard-Smithsonian Centre for Astrophysics, Cambridge, January 31, 1980 |
| Statement of responsibility, etc. | A. K. Dupree |
| 260 ## - PUBLICATION, DISTRIBUTION, ETC. | |
| Place of publication, distribution, etc. | Cambridge |
| Name of publisher, distributor, etc. | Harvard-Smithsonian Center for Astrophysics |
| Date of publication, distribution, etc. | 1980 |
| 300 ## - PHYSICAL DESCRIPTION | |
| Extent | 215p. |
| 490 ## - SERIES STATEMENT | |
| Series statement | Research in Space Science,SAO Special Report No.389 |
| 650 ## - SUBJECT ADDED ENTRY--TOPICAL TERM | |
| Topical term or geographic name entry element | Astronomy and astrophysics thesaurus |
| 650 ## - SUBJECT ADDED ENTRY--TOPICAL TERM | |
| Topical term or geographic name entry element | Cool stars |
| 9 (RLIN) | 5425 |
| 650 ## - SUBJECT ADDED ENTRY--TOPICAL TERM | |
| Topical term or geographic name entry element | Stellar systems |
| 9 (RLIN) | 3271 |
| 650 ## - SUBJECT ADDED ENTRY--TOPICAL TERM | |
| Topical term or geographic name entry element | Sun |
| 9 (RLIN) | 1200 |
| 942 ## - ADDED ENTRY ELEMENTS (KOHA) | |
| Koha item type | Books |
| Withdrawn status | Lost status | Damaged status | Not for loan | Home library | Current library | Shelving location | Date acquired | Total Checkouts | Full call number | Barcode | Date last seen | Price effective from | Koha item type |
|---|---|---|---|---|---|---|---|---|---|---|---|---|---|
| IIA Library-Bangalore | IIA Library-Kodaikanal | General Stacks | 07/05/2013 | 524.316(082.2)/ DUP | 19617 | 05/11/2021 | 07/05/2013 | Books |